<?xml version="1.0" encoding="UTF-8"?>
<record
    xmlns:xsi="http://www.w3.org/2001/XMLSchema-instance"
    xsi:schemaLocation="http://www.loc.gov/MARC21/slim http://www.loc.gov/standards/marcxml/schema/MARC21slim.xsd"
    xmlns="http://www.loc.gov/MARC21/slim">

  <leader>01616cam a22003131  4500</leader>
  <controlfield tag="001">5157</controlfield>
  <controlfield tag="003">BD-RjUL</controlfield>
  <controlfield tag="005">20211208234023.0</controlfield>
  <controlfield tag="008">131224s19621958pau      b    001 0 eng</controlfield>
  <datafield tag="035" ind1=" " ind2=" ">
    <subfield code="a">(BD-RjUL)5193</subfield>
  </datafield>
  <datafield tag="035" ind1=" " ind2=" ">
    <subfield code="a">(OCoLC)498572</subfield>
  </datafield>
  <datafield tag="040" ind1=" " ind2=" ">
    <subfield code="a">DLC</subfield>
    <subfield code="c">ODaWU</subfield>
    <subfield code="d">OCoLC</subfield>
    <subfield code="d">DLC</subfield>
    <subfield code="b">eng</subfield>
  </datafield>
  <datafield tag="041" ind1=" " ind2=" ">
    <subfield code="a">eng</subfield>
  </datafield>
  <datafield tag="082" ind1=" " ind2=" ">
    <subfield code="a">351.1</subfield>
    <subfield code="b">SWE 1962</subfield>
  </datafield>
  <datafield tag="100" ind1="1" ind2=" ">
    <subfield code="a">Sweeney, Stephen B.</subfield>
    <subfield code="q">(Stephen Binnington),</subfield>
    <subfield code="9">16246</subfield>
  </datafield>
  <datafield tag="245" ind1="1" ind2="0">
    <subfield code="a">Education for administrative careers in government service. /</subfield>
    <subfield code="c">Stephen B.  Editor: Sweeney. Assistant editor: Thomas J. Davy. Consultant: Lloyd M. Short.</subfield>
  </datafield>
  <datafield tag="260" ind1=" " ind2=" ">
    <subfield code="a">Philadelphia ;</subfield>
    <subfield code="b">University of Pennsylvania Press,</subfield>
    <subfield code="c">1962.</subfield>
  </datafield>
  <datafield tag="300" ind1=" " ind2=" ">
    <subfield code="a">366 p.</subfield>
    <subfield code="c">22 cm.</subfield>
  </datafield>
  <datafield tag="500" ind1=" " ind2=" ">
    <subfield code="a">"One of a series commemorating the 75th anniversary of the Wharton School and the 20th anniversary of the Fels Institute of Local and State Government, University of Pennsylvania."</subfield>
  </datafield>
  <datafield tag="500" ind1=" " ind2=" ">
    <subfield code="a">"Presents the results of a research-conference program conducted during 1956-1957 ... The program was a cooperative effort of the American Society for Public Administration, the International City Managers' Association, and the Fels Institute of Local and State Government, University of Pennsylvania ... The academic staff of the Fels Institute did the research and prepared the initial drafts of the working papers."</subfield>
  </datafield>
  <datafield tag="504" ind1=" " ind2=" ">
    <subfield code="a">Bibliographical footnotes.</subfield>
  </datafield>
  <datafield tag="520" ind1=" " ind2=" ">
    <subfield code="a">Includes index</subfield>
  </datafield>
  <datafield tag="526" ind1=" " ind2=" ">
    <subfield code="b">Sociology</subfield>
  </datafield>
  <datafield tag="650" ind1=" " ind2="0">
    <subfield code="a">Public administration</subfield>
    <subfield code="x">Study and teaching.</subfield>
    <subfield code="9">16247</subfield>
  </datafield>
  <datafield tag="710" ind1="2" ind2=" ">
    <subfield code="a">Fels Institute of Local and State Government.</subfield>
    <subfield code="9">16248</subfield>
  </datafield>
  <datafield tag="942" ind1=" " ind2=" ">
    <subfield code="2">ddc</subfield>
    <subfield code="c">BK</subfield>
  </datafield>
  <datafield tag="999" ind1=" " ind2=" ">
    <subfield code="c">5157</subfield>
    <subfield code="d">5157</subfield>
  </datafield>
  <datafield tag="952" ind1=" " ind2=" ">
    <subfield code="0">0</subfield>
    <subfield code="1">0</subfield>
    <subfield code="2">ddc</subfield>
    <subfield code="4">0</subfield>
    <subfield code="7">1</subfield>
    <subfield code="8">NFIC</subfield>
    <subfield code="a">RUCL</subfield>
    <subfield code="b">RUCL</subfield>
    <subfield code="c">reading</subfield>
    <subfield code="d">1968-09-13</subfield>
    <subfield code="e">Zeitlinger</subfield>
    <subfield code="g">47.60</subfield>
    <subfield code="l">0</subfield>
    <subfield code="o">351.1 SWE 1962</subfield>
    <subfield code="r">2013-12-24 00:00:00</subfield>
    <subfield code="t">C-1</subfield>
    <subfield code="w">2013-12-24</subfield>
    <subfield code="y">BK</subfield>
  </datafield>
</record>
